Le più grandi città in Europa - Estremo - Statistics

Statistiche generali
  • Questo quiz è stato fatto 568 volte
  • Il punteggio medio è 78 su 198
Statistiche sulle risposte
popolazione città % Corretto
5.15m Milano
98%
11.3m Parigi
98%
14.6m Londra
96%
6.35m Madrid
96%
3.60m Roma
96%
17.0m Mosca
95%
4.23m Napoli
95%
4.63m Berlino
93%
4.70m Barcellona
92%
855k Palermo
91%
1.66m Torino
91%
2.55m Lisbona
90%
980k Firenze
88%
1.17m Oslo
88%
3.38m Atene
87%
2.20m Bucarest
86%
2.58m Budapest
86%
2.25m Monaco di Baviera
86%
499k Venezia
85%
1.37m Dublino
84%
3.45m Kiev
84%
2.15m Stoccolma
84%
2.30m Varsavia
84%
2.23m Vienna
84%
770k Bologna
83%
723k Genova
83%
2.43m Amsterdam
82%
589k Bari
82%
1.66m Marsiglia
82%
5.55m San Pietroburgo
82%
3.03m Manchester
81%
1.42m Praga
81%
1.27m Helsinki
80%
2.05m Bruxelles
78%
1.98m Lione
78%
657k Catania
77%
1.33m Siviglia
77%
1.65m Copenaghen
76%
14.8m Istanbul
76%
1.30m Sofia
76%
1.76m Valencia
76%
1.15m Oporto
75%
654k Riga
75%
1.41m Belgrado
74%
921k Zagabria
74%
1.86m Liverpool
73%
811k Tirana
72%
1.40m Zurigo
72%
514k Verona
71%
633k Bratislava
70%
643k Saraievo
70%
941k Nizza
69%
3.20m Rotterdam / L'Aia
69%
2.83m Amburgo
68%
4.98m Colonia / Düsseldorf
68%
2.00m Minsk
68%
3.23m Francoforte sul Meno
66%
692k Vilnius
65%
812k Cracovia
63%
853k Edimburgo
63%
1.66m Glasgow
62%
546k Lubiana
62%
476k Cagliari
61%
546k Ginevra
61%
875k Bilbao
60%
1.05m Bordeaux
59%
470k Brescia
59%
2.38m Stoccarda
55%
450k Bergamo
54%
687k Cardiff
53%
3.10m Birmingham
52%
668k Skopje
52%
773k Strasburgo
51%
848k Belfast
50%
506k Padova
49%
572k Tallinn
49%
1.03m Tolosa
49%
736k Chișinău
48%
561k Lipsia
47%
1.02m Malaga
47%
613k Nantes
47%
510k Malmö
46%
1.29m Lilla
42%
1.10m Odessa
42%
938k Danzica
41%
1.19m Norimberga
41%
1.03m Anversa
40%
826k Brema
39%
780k Dresda
39%
1.15m Hannover
37%
2.15m Leeds
37%
504k Priština
36%
751k Saragozza
36%
422k Taranto
36%
1.47m Newcastle
35%
423k Brno
34%
561k Granada
34%
436k Rennes
33%
805k Göteborg
32%
590k Montpellier
31%
790k Leopoli
29%
617k Bristol
26%
1.29m Rostov sul Don
26%
757k Alicante
25%
508k Basilea
25%
1.25m Kazan'
25%
502k Murcia
25%
749k Liegi
23%
923k Łódź
23%
1.41m Volgograd
23%
1.36m Dnipro
22%
446k Brighton
21%
621k Palma di Maiorca
21%
1.55m Sheffield
21%
1.16m Southampton
21%
641k Breslavia
20%
634k Friburgo in Brisgovia
20%
765k Leicester
20%
561k Linz
20%
551k Tolone
20%
420k Costanza
19%
1.37m Nottingham
19%
626k Poznań
19%
737k Utrecht
19%
481k Vigo
19%
661k Grenoble
18%
1.32m Samara
18%
483k Stettino
18%
697k Eindhoven
17%
1.63m Ekaterinburg
17%
590k Gand
17%
418k Sebastopoli
17%
424k Valladolid
17%
1.13m Ufa
16%
418k Varna
16%
449k Kaliningrad
15%
439k Lublino
15%
1.57m Mannheim
15%
543k Plovdiv
15%
495k Rouen
15%
1.63m Charkiv
14%
461k Mariupol'
13%
425k Metz
13%
505k Ostrava
13%
462k Swansea
13%
527k Saint-Étienne
12%
465k Iaşi
11%
476k Clermont-Ferrand
10%
776k Krasnodar
10%
1.11m Perm'
10%
788k Tessalonica
10%
434k Augusta
9%
552k Douai / Lens
9%
445k Luhans'k
8%
1.74m Nižnij Novgorod
8%
547k Aquisgrana
7%
488k Charleroi
7%
526k Homel'
7%
595k Kingston upon Hull
7%
797k Saarbrücken
7%
1.09m Saratov
7%
774k Togliatti
7%
459k Tours
7%
1.05m Voronež
7%
603k Bielefeld
6%
500k Bydgoszcz
6%
731k Karlsruhe
6%
465k Bournemouth
5%
483k Groninga
5%
759k Zaporižžja
5%
591k Jaroslavl'
4%
475k Stoke-on-Trent
4%
1.41m Čeljabinsk
3%
1.45m Donec'k
3%
494k Mykolaiv
3%
520k Astrachan'
2%
484k Belgorod
2%
531k Breda / Tilburg
2%
629k Iževsk
2%
553k Kirov
2%
654k Kryvyj Rih
2%
432k Kursk
2%
728k Machačkala
2%
469k Middlesbrough
2%
548k Orenburg
2%
585k Penza
2%
524k Rjazan'
2%
501k Tula
2%
437k Tver'
2%
613k Ul'janovsk
2%
453k Ivanovo
1%
508k Lipeck
1%
513k Naberežnye Čelny
1%
430k Vinnycja
1%
426k Brjansk
0%
431k Brunswick
0%
577k Čeboksary
0%
498k Stavropol'
0%
Nessun quiz corrispondente trovato
Distribuzione punteggi
Percentuale di utenti per punteggio
Percentile per numero di risposta
I tuoi punteggi nel tempo
Non hai fatto questo quiz